Statistics for Immigration to Belgium by Country

Click here to take the quiz!

General Stats

  • This quiz has been taken 55 times
  • The average score is 15 of 20

Answer Stats

Population (2024)Country% Correct
217,000France
92%
62,000Germany
92%
190,000Netherlands
90%
29,000United Kingdom
90%
362,000Turkey
83%
78,000Spain
81%
430,000Morocco
79%
97,000Russia
79%
27,000India
77%
279,000Italy
77%
120,000Poland
77%
80,000Portugal
77%
28,000Greece
73%
73,000Syria
73%
104,000D. R. Congo
71%
121,000Romania
71%
35,000Algeria
69%
50,000Bulgaria
63%
31,000Tunisia
60%
25,000Afghanistan
50%

Score Distribution

Percentile by Number Answered

Percent of People with Each Score

Your Score History

You have not taken this quiz